| 000 | 00462nam a2200145 4500 | ||
|---|---|---|---|
| 040 | _cDLC | ||
| 082 | 0 | 0 | _a363 EYR 1973 A089 Or. |
| 100 | 1 | _aVaillant, J. R. | |
| 245 | 1 | 0 |
_aProtection de la qualité des eaux et maîtrise de la pollution; _bcontrôle des déversements d'eaux polluées, |
| 260 |
_aParis, _bEyrolles, _c1973. |
||
| 300 |
_axxvii, 403 p. _billus. _c25 cm. |
||
| 490 | 0 | _aCollection du B.C.E.O.M. | |
| 650 | 0 | _aWater quality management. | |
| 942 | _cFB | ||
| 999 |
_c16292 _d16292 |
||